さいたま市の字 - Statistics

General Stats
  • This quiz has been taken 8 times
  • The average score is 45 of 291
Answer Stats
Hint Answer % Correct
桜木町
88%
北浦和
88%
南浦和
88%
本町
88%
指扇
75%
北区 大宮
75%
土呂
75%
浦和区 岸町
75%
常盤
75%
東浦和
75%
西大宮
63%
宮原町
63%
土呂町
63%
新都心
63%
高砂
63%
岩槻
63%
盆栽町
50%
見沼
50%
大門町
50%
仲町
50%
上落合
50%
下落合
50%
本太
50%
大門
50%
美園
50%
三橋
38%
清河寺
38%
プラザ
38%
西遊馬
38%
日進町
38%
吉野町
38%
吉敷町
38%
高鼻町
38%
錦町
38%
38%
春岡
38%
東大宮
38%
田島
38%
東高砂町
38%
上木崎
38%
文蔵
38%
太田窪
38%
中尾
38%
原山
38%
太田
38%
佐知川
25%
島根
25%
植竹町
25%
東大成町
25%
奈良町
25%
砂町
25%
大宮区 東町
25%
天沼町
25%
見沼区 大和田町
25%
25%
南中野
25%
大谷
25%
深作
25%
中央区 上峰
25%
円阿弥
25%
鈴谷
25%
本町西
25%
本町東
25%
町谷
25%
東岸町
25%
東仲町
25%
木崎
25%
前地
25%
元町
25%
神明
25%
沼影
25%
別所
25%
南本町
25%
堤外
25%
緑区 大崎
25%
間宮
25%
大間木
25%
西原
25%
加倉
25%
美園東
25%
宮前町
13%
内野本郷
13%
指扇領別所
13%
高木
13%
中釘
13%
西新井
13%
宝来
13%
峰岸
13%
飯田新田
13%
二ツ宮
13%
飯田
13%
三条町
13%
水判土
13%
大成
13%
大成町
13%
上加
13%
櫛引町
13%
加茂宮
13%
別所町
13%
今羽町
13%
本郷町
13%
北袋町
13%
宮町
13%
寿能町
13%
上小町
13%
大原
13%
島町
13%
堀崎町
13%
南中丸
13%
13%
蓮沼
13%
東宮下
13%
風渡野
13%
小深作
13%
春野
13%
宮ヶ谷塔
13%
大戸
13%
八王子
13%
新開
13%
栄和
13%
中島
13%
上大久保
13%
下大久保
13%
神田
13%
駒場
13%
針ヶ谷
13%
三崎
13%
四谷
13%
白幡
13%
根岸
13%
大谷場
13%
曲本
13%
上野田
13%
下野田
13%
東大門
13%
道祖土
13%
馬場
13%
三浦
13%
三室
13%
大牧
13%
西町
13%
上野
13%
裏慈恩寺
13%
慈恩寺
13%
東岩槻
13%
釣上
13%
釣上新田
13%
西区 下内野
0%
上内野
0%
西内野
0%
上野本郷
0%
指扇領辻
0%
平方領々家
0%
植田谷本村新田
0%
塚本
0%
塚本町
0%
土屋
0%
湯木町
0%
植田谷本
0%
昭和
0%
中野林
0%
西谷
0%
西本郷
0%
下町
0%
浅間町
0%
土手町
0%
堀の内町
0%
加田屋
0%
加田屋新田
0%
片柳
0%
片柳東
0%
上山口新田
0%
笹丸
0%
新右エ門新田
0%
染谷
0%
中川
0%
西山新田
0%
西山村新田
0%
東新井
0%
御蔵
0%
見山
0%
新堤
0%
膝子
0%
卸町
0%
丸ヶ崎
0%
丸ヶ崎町
0%
桜丘
0%
新中里
0%
桜区 南元宿
0%
西堀
0%
桜田
0%
0%
道場
0%
山久保
0%
大久保領家
0%
白鍬
0%
在家
0%
宿
0%
五関
0%
皇山町
0%
瀬ヶ崎
0%
大東
0%
領家
0%
南区 鹿手袋
0%
0%
円正寺
0%
大谷口
0%
広ヶ谷戸
0%
内谷
0%
松本
0%
北原
0%
玄蕃新田
0%
代山
0%
高畑
0%
寺山
0%
中野田
0%
南部領辻
0%
芝原
0%
新宿
0%
大道
0%
松木
0%
宮後
0%
宮本
0%
山崎
0%
緑区 下山口新田
0%
蓮見新田
0%
岩槻区 愛宕町
0%
城町
0%
西原台
0%
日の出町
0%
本丸
0%
美幸町
0%
浮谷
0%
柏崎
0%
城南
0%
真福寺
0%
並木
0%
原町
0%
谷下
0%
横根
0%
0%
金重
0%
平林寺
0%
本宿
0%
箕輪
0%
馬込
0%
大口
0%
大野島
0%
大森
0%
長宮
0%
新方須賀
0%
増長
0%
南平野
0%
相野原
0%
表慈恩寺
0%
鹿室
0%
上里
0%
古ケ場
0%
小溝
0%
諏訪
0%
徳力
0%
南辻
0%
尾ヶ崎
0%
尾ヶ崎新田
0%
末田
0%
高曽根
0%
野孫
0%
飯塚
0%
黒谷
0%
笹久保
0%
笹久保新田
0%
府内
0%
南下新井
0%
村国
0%
No matching quizzes found
Score Distribution
Percent of People with Each Score
Percentile by Number Answered
Your Score History
You have not taken this quiz